Normal view
MARC view
- RELACIONES OBJETALES (PSICOANALISIS)
Entry Materia
001 - NÚMERO DE CONTROL DEL REGISTRO
- campo de control: 22843
003 - IDENTIFICADOR DE NUMERO DE CONTROL
- campo de control: UPN
005 - FECHA Y HORA DE LA ÚLTIMA TRANSACCIÓN
- campo de control: 20210219193954.0
008 - DATOS DE LONGITUD FIJA
- campo de control de longitud fija: nabaccnnaabn|||||||||| b |nc|||||d
035 ## - NÚMERO DE CONTROL DEL SISTEMA
- Número de control del sistema: UPN10000022852
040 ## - FUENTE DE LA CATALOGACIÓN
- Lengua de catalogación: SPA
- Agencia de transcripción: UPN
053 #4 - NÚMERO CLASIFICADOR - BIBLIOTECA DEL CONGRESO (LC)
- Elemento numérico de la clasificación - Número único o no. inicial del rango: BF175.5 O2.4
150 ## - ENCABEZAMIENTO - TEMÁTICO
- Término de materia o nombre geográfico como elemento inicial: RELACIONES OBJETALES (PSICOANALISIS)
450 ## - VÉASE - MATERIA
- Encabezamiento temático: Relación objetal
450 ## - VÉASE - MATERIA
- Encabezamiento temático: Relaciones de objeto (Psicoanálisis)
670 ## - FUENTE EN LA QUE SE LOCALIZARON DATOS
- Cita de la fuente: SHLC/P
- Información localizada: Object relations (Psychoanalysis)
680 ## - NOTA GENERAL CON DESPLIEGUE PÚBLICO
- Texto explicativo: Aquí se asientan las obras que tratan sobre el modo de relación del sujeto con su mundo y que es resultado de una determinada organización de la personalidad
902 ## - CATALOGADOR
- Catalogador: MMA/070504
